| 000 | 01673nam0a2200409 4500 | ||
|---|---|---|---|
| 001 | RU\NLR\BIBL_A\012389442 | ||
| 005 | 20201202094858.0 | ||
| 010 |
_a978-5-91759-883-3 _93000 |
||
| 021 |
_aRU _bКН-П-20-039611 _9КН-П-20-3000 |
||
| 035 | _a(NLR Aleph) 012389442 | ||
| 035 | _a(RuMoRGB)010373763 | ||
| 090 |
_a11667883 _c11667883 |
||
| 100 | _a20201027d2020 b y0rusy50 ca | ||
| 101 | 1 |
_arus _cfre |
|
| 102 | _aRU | ||
| 105 | _aa|||z|||000ay | ||
| 181 | 0 |
_ai _baxxe |
|
| 182 | 0 | _an | |
| 200 | 1 |
_aСупер обычный день _e[для дошкольного и младшего школьного возраста] _fБеатриче Алеманья _g[перевод с французского Ирины Балахоновой _gил. Беатриче Алеманьи] |
|
| 203 |
_aТекст _bвизуальный _cнепосредственный |
||
| 210 |
_aМосква _cСамокат _d2020 |
||
| 215 |
_a[41] с. _cцв. ил. _d31 _e[1] отд. л. цв. ил., слож. в 4 с. |
||
| 225 | 1 | _aСерия "Легенды иллюстрации" | |
| 300 | _aТекст вкладыша Марии Скаф | ||
| 333 | _a0+ | ||
| 686 | 0 | _aШ9(4Ит)60-4 | |
| 700 | 1 |
_aАлеманья _bБ. _f1973- _gБеатриче _3RU\NLR\AUTH\770223603 |
|
| 702 | 1 |
_aАлеманья _bБ. _f1973- _gБеатриче _3RU\NLR\AUTH\770223603 _4440 |
|
| 702 | 1 |
_aСкаф _bМ. _gМария _4570 |
|
| 942 | _cBOOK | ||
| 980 | _aNBR | ||
| 980 | _aNB | ||